[Event "CZE-chT3A Middle 0506  "]
[Site "Czech Republic"]
[Date "2006.02.05"]
[Round "7.8"]
[White "Garsic, Petr"]
[Black "Odnoha, David"]
[Result "1-0"]
[WhiteElo "2144"]
[BlackElo "1658"]
[PlyCount "79"]
[EventDate "2005.10.30"]
[EventType "team"]
[EventRounds "11"]
[EventCountry "CZE"]
[SourceTitle "EXT 2009"]
[Source "ChessBase"]
[SourceDate "2008.11.26"]
[SourceVersion "1"]
[SourceVersionDate "2008.11.26"]
[SourceQuality "1"]

1. d4 d5 2. Nf3 Nc6 3. g3 Nf6 4. Bg2 e6 5. 0-0 Be7 6. c4 0-0 7. e3 dxc4 8. Qa4 Bd7 9. Qxc4 Rb8 10. Rd1 Ne4 11. a3 a6 12. Qc2 Nf6 13. e4 Na7 14. Nc3 c6 15. Ne5 Kh8 16. d5 exd5 17. exd5 Qc7 18. d6 Bxd6 19. Nxd7 Nxd7 20. Qd3 Nc8 21. Ne4 Nc5 22. Nxc5 Qe7 23. Ne4 Rd8 24. Nxd6 Rxd6 25. Qc2 Re6 26. Bf4 Nd6 27. Bxd6 Rxd6 28. Rxd6 Qxd6 29. Rd1 Qe7 30. Qd3 g6 31. Qd6 Re8 32. Qd4+ Kg8 33. Bf1 b5 34. Qd6 Qe6 35. Qxe6 Rxe6 36. Rc1 Kf8 37. Bg2 c5 38. Rxc5 Re2 39. Bb7 Rxb2 40. Bxa6 1-0

[Event "CZE-chT3A Middle 0506  "]
[Site "Czech Republic"]
[Date "2005.??.??"]
[Round "4.8"]
[White "Krbecek, Vaclav"]
[Black "Odnoha, David"]
[Result "0-1"]
[WhiteElo "1901"]
[BlackElo "1658"]
[PlyCount "74"]
[EventDate "2005.10.30"]
[EventType "team"]
[EventRounds "11"]
[EventCountry "CZE"]
[SourceTitle "EXT 2009"]
[Source "ChessBase"]
[SourceDate "2008.11.26"]
[SourceVersion "1"]
[SourceVersionDate "2008.11.26"]
[SourceQuality "1"]

1. Nf3 Nc6 2. g3 Nf6 3. d4 d5 4. c4 e6 5. a3 a5 6. Nc3 b6 7. cxd5 Nxd5 8. e4 Nxc3 9. bxc3 Bd7 10. Bg2 Rc8 11. d5 exd5 12. exd5 Na7 13. 0-0 Be7 14. a4 0-0 15. Re1 Re8 16. Be3 Bf6 17. Bd4 Rxe1+ 18. Qxe1 Bxd4 19. Nxd4 Qf6 20. f4 Re8 21. Qd2 g6 22. Nf3 Qd6 23. Qd4 f6 24. Kf2 Bg4 25. h3 Bd7 26. g4 h6 27. Nd2 c5 28. dxc6 Qxd4+ 29. cxd4 Nxc6 30. d5 Nb4 31. Nc4 Rb8 32. Be4 Kg7 33. f5 g5 34. Ke3 Kf8 35. Kd4 Ke8 36. Ra3 Kd8 37. Bf3 Nc2+ 0-1